Which NHL Player? Quiz Stats

 Plays Quiz Updated Oct 15, 2019

Score 0/31 Timer 05:00
25 Plays Today
Question Answer Wrong Answers
Which Capitals player is Alexander Ovechkin? Alexander Ovechkin
90.3%
Adam Oates
1.8%
Rod Langway
1.4%
Braden Holtby
1.7%
Which Oilers player is Wayne Gretzky? Wayne Gretzky
90.1%
Connor McDavid
1.3%
Ryan Smyth
2.1%
Jari Kurri
1.5%
Which Red Wings player is Gordie Howe? Gordie Howe
90.1%
Nicklas Lidström
1.5%
Henrik Zetterberg
1.4%
Steve Yzerman
2%
Which Penguins player is Sidney Crosby? Sidney Crosby
88.2%
Paul Coffey
2.5%
Mario Lemieux
2.1%
Jaromír Jágr
2.2%
Which Golden Knights player is Marc-André Fleury? Marc-André Fleury
87.7%
Jonathan Marchessault
3%
Nate Schmidt
2.1%
James Neal
2.2%
Which Devils player is Martin Brodeur? Martin Brodeur
86.1%
Scott Niedermayer
4%
Scott Stevens
3.1%
Taylor Hall
1.7%
Which Flames player is Jarome Iginla? Jarome Iginla
85.2%
Lanny McDonald
3%
Theo Fleury
3.5%
Al MacInnis
3.2%
Which Blackhawks player is Jonathan Toews? Jonathan Toews
82.6%
Patrick Kane
6.4%
Stan Mikita
2.1%
Chris Chelios
3.8%
Which Avalanche/Nordiques player is Joe Sakic? Joe Sakic
82%
Peter Šťastný
4.2%
Peter Forsberg
5.2%
Nathan MacKinnon
3.6%
Which Rangers player is Henrik Lundqvist? Henrik Lundqvist
81.9%
Mike Richter
7.4%
Brian Leetch
3.3%
Mark Messier
2.3%
Which Sharks player is Joe Thornton? Joe Thornton
81.9%
Brent Burns
4.5%
Patrick Marleau
4.9%
Owen Nolan
3.7%
Which Flyers player is Eric Lindros? Eric Lindros
80%
Bobby Clarke
7.5%
Bernie Parent
3.6%
Ron Hextall
3.6%
Which Blue Jackets player is Rick Nash? Rick Nash
79.7%
Jack Johnson
7.5%
Sergei Bobrovsky
3%
Artemi Panarin
4.6%
Which Panthers player is Pavel Bure? Pavel Bure
78.6%
Roberto Luongo
3.7%
Aleksander Barkov
7.4%
Aaron Ekblad
5.1%
Which Blues player is Brett Hull? Brett Hull
78.4%
Chris Pronger
8%
Alex Pietrangelo
2.5%
Brendan Shanahan
6%
Which Canadiens player is Patrick Roy? Patrick Roy
78.1%
Carey Price
11.5%
Jean Béliveau
2.8%
Guy Lafleur
2.6%
Which Hurricanes/Whalers player is Eric Staal? Eric Staal
77.2%
Ron Francis
5.4%
Rod Brind'Amour
9.1%
Cam Ward
3.2%
Which Maple Leafs player is Mats Sundin? Mats Sundin
76.6%
Auston Matthews
6.5%
Darryl Sittler
5%
Wendel Clark
6.7%
Which Senators player is Daniel Alfredsson? Daniel Alfredsson
75.3%
Zdeno Chára
5.4%
Erik Karlsson
5.8%
Jason Spezza
8.4%
Which Kings player is Drew Doughty? Drew Doughty
74.3%
Luke Robitaille
5.5%
Marcel Dionne
3.8%
Anže Kopitar
11.3%
Which Sabres player is Ryan Miller? Ryan Miller
73.2%
Jack Eichel
5.9%
Dominik Hašek
10.5%
Phil Housley
5.3%
Which Jets/Thrashers player is Patrik Laine? Patrik Laine
73%
Ilya Kovalchuk
6.4%
Mark Scheifele
9.5%
Dany Heatley
6%
Which Predators player is Shea Weber? Shea Weber
72.7%
Mike Fisher
8.4%
P.K. Subban
5.6%
Roman Josi
8.1%
Which Stars player is Mike Modano? Mike Modano
69.4%
Jamie Benn
7.3%
Joe Nieuwendyk
15.6%
Ed Belfour
2.5%
Which Bruins player is Bobby Orr? Bobby Orr
68.2%
Phil Esposito
23.8%
Patrice Bergeron
1.4%
Brad Marchand
1.6%
Which Lightning player is Martin St. Louis? Martin St. Louis
66.7%
Vincent Lecavalier
15.3%
Steven Stamkos
6.6%
Victor Hedman
6.2%
Which Ducks player is Teemu Selänne? Teemu Selänne
65.7%
Ryan Getzlaf
4.3%
Paul Kariya
17.5%
Jean-Sébastien Giguère
7.4%
Which Coyotes/Jets player is Shane Doan? Shane Doan
64.3%
Jeremy Roenick
10.1%
Keith Tkachuk
14.9%
Dale Hawerchuk
5.7%
Which Islanders player is Bryan Trottier? Brian Trottier
61.4%
Mike Bossy
13.1%
John Tavares
6.6%
Denis Potvin
13.5%
Which Wild player is Mikko Koivu? Mikko Koivu
60.1%
Jason Pominville
8.4%
Zach Parise
13.6%
Marián Gáborík
12.8%
Which Canucks player is Trevor Linden? Trevor Linden
59.9%
Henrik Sedin
5.9%
Daniel Sedin
6.2%
Markus Näslund
22.9%

You're not logged in!

Compare scores with friends on all Sporcle quizzes.
OR
Log In

Sporcle TV

Today on Sporcle TV


Watch our educational content, quiz creation guides, and fun videos on Sporcle TV.

Show Comments

Extras

Top Quizzes Today


Score Distribution

Your Account Isn't Verified!

In order to create a playlist on Sporcle, you need to verify the email address you used during registration. Go to your Sporcle Settings to finish the process.

Report this User

Report this user for behavior that violates our Community Guidelines.

Details: